000
00225nam a2200085Ia 4500
245
0
_a
Love letters to Africa
100
_a
PINNOCK, Don Cape Town, 2005
_9
34519
942
_c
BK
008
210817s9999 xx 000 0 und d
999
_c
125174
_d
125173